| 000 | 00359nam a22001217a 4500 | ||
|---|---|---|---|
| 082 | _aTHE 200 | ||
| 100 |
_aKANZA SHOAIB _915537 |
||
| 245 | _aTH-SOF-0975-DYNAMIC RESPONSE OF BOLTED JOINTS UNDER HARMONIC EXCITATIONS | ||
| 260 |
_aNUST COLLEGE OF EME _bISLAMABAD _c2001 |
||
| 650 | _aMS-MECH-64 MSTHESIS | ||
| 700 |
_aDR HASAN AFTAB SAEED _917309 |
||
| 942 | _cCF | ||
| 999 |
_c578643 _d578643 |
||